Normal view
MARC view
- Thomas, Joy A
Entry Personal Name
001 - CONTROL NUMBER
- control field: 94030
003 - CONTROL NUMBER IDENTIFIER
- control field: NUST
005 - DATE AND TIME OF LATEST TRANSACTION
- control field: 20220720120256.0
008 - FIXED-LENGTH DATA ELEMENTS
- fixed length control field: 220720|| aca||aabn | a|a d
040 ## - CATALOGING SOURCE
- Original cataloging agency: NUST
- Transcribing agency: NUST
100 ## - HEADING--PERSONAL NAME
- Personal name: Thomas, Joy A
670 ## - SOURCE DATA FOUND
- Source citation: Work cat.: (NUST)218120: Cover, Thomas M., 735, Elements of information theory /, c2006.
